Paroles Hercules "Sentimentale" - Statistiques

Statistiques générales
  • Ce quiz a été pris 100 fois
  • Le résultat moyen est 161 sur 196
Statistiques - réponses
Réponse % Correct
a
100%
Je
99%
je
99%
de
97%
jamais
97%
Megara Jamais
97%
le
97%
Le
97%
Megara Non
97%
non
97%
pour
97%
si
97%
un
97%
La
96%
la
96%
ma
96%
ne
96%
y
96%
C'est
94%
c'est
94%
coeur
94%
prix
94%
crois
93%
gagnant
93%
que
93%
Megara S'il
93%
ticket
93%
Ton
93%
ton
93%
ca
91%
dirai
91%
en
91%
est
91%
j'ai
91%
manque
91%
t'a
91%
trop
91%
Tu
91%
tu
91%
Il
90%
il
90%
jugement
90%
amoureux
89%
banal
89%
jette
89%
sentimentale
89%
pas
87%
autant
86%
comme
86%
d'être
86%
homme
86%
souffrir
86%
ancienne
84%
j'enchaine
84%
l'histoire
84%
car
83%
Car
83%
donc
83%
fille
83%
l'aimes
83%
mon
83%
oh
83%
passion
83%
Les nymphes Qui
83%
jour
81%
N'essaie
81%
Nul
81%
tes
81%
vaut
81%
cacher
80%
chanson
80%
les
80%
Mais
80%
t'aime
80%
tromper
80%
connaissait
79%
yeux
79%
crois-tu
77%
dans
77%
évite
77%
fragile
77%
leçon
77%
accroche-toi
76%
mentir
76%
Pourquoi
76%
appris
74%
as
74%
J'avais
74%
pourtant
74%
feu
73%
idylles
73%
lit
73%
mal
73%
nier
73%
t'avouer
73%
très
73%
n'avouerai
71%
Megara Oserais-je
71%
qu'on
71%
tout
71%
et
70%
Et
70%
nos
70%
vacille
70%
fait
69%
peine
69%
sentiments
69%
souris
69%
soupire
67%
amoureuse
66%
suis
66%
d'hésiter
64%
normal
64%
ensorcelée
63%
n'oserai
63%
tomber
61%
Megara Laissez
60%
lèvres
56%
Les nymphes Lis
54%
sur
54%
tourment
54%
Les nymphes Même
50%
Quand
50%
nies
47%
dément
46%
mens
46%
Remballe
46%
compliment
44%
t'emballe
41%
n'vous
23%
t'enfièvres
3%
envouee
0%
passioonnement
0%
Aucun quiz correspondant
Distribution des résultats
% des personnes avec chaque résultat
Percentile par nombre de réponses
Votre historique - résultats
Vous n’avez pas pris ce quiz